Science Quiz

Random Science or Biology Quiz

Human Heart Anatomy Quiz Stats

Quiz Updated Jan 21, 2016

Also try: Ear Anatomy
Challenge
Share
Tweet
Score 0/11 Timer 02:00
41 Plays Today
% Correct
Aorta
88.3%
Right Atrium
85.1%
Left Atrium
82.4%
Superior Vena Cava
81.6%
Right Ventricle
81%
Left Ventricle
80%
Pulmonary Artery
77.7%
Inferior Vena Cava
72.9%
Pulmonary Valve
69.5%
Mitral Valve
62.7%
Tricuspid Valve
61.7%

You're not logged in!

Compare scores with friends on all Sporcle quizzes.
Sign Up with Email
OR
Log In

You Might Also Like...

Show Comments

Extras

Top Quizzes Today


Score Distribution

Your Account Isn't Verified!

In order to create a playlist on Sporcle, you need to verify the email address you used during registration. Go to your Sporcle Settings to finish the process.